Tiếng anh giao tiếp thường dùng 2 Kèm với 1 VCD hoặc 1 băng Video

保存先:
書誌詳細
フォーマット: 図書
言語:Undetermined
出版事項: Tp. Hồ Chí Minh Nxb Tp. Hồ Chí Minh 2004
主題:
タグ: タグ追加
タグなし, このレコードへの初めてのタグを付けませんか!
Thư viện lưu trữ: Trung tâm Học liệu Trường Đại học Cần Thơ
LEADER 00601nam a2200205Ia 4500
001 CTU_87131
008 210402s9999 xx 000 0 und d
020 |c 9000 
082 |a 428.34 
082 |b T306 
245 0 |a Tiếng anh giao tiếp thường dùng 2 
245 0 |b Kèm với 1 VCD hoặc 1 băng Video 
245 0 |c Lê Huy Lâm dịch 
260 |a Tp. Hồ Chí Minh 
260 |b Nxb Tp. Hồ Chí Minh 
260 |c 2004 
650 |a english language 
650 |x spoken english 
904 |i M.Loan 
980 |a Trung tâm Học liệu Trường Đại học Cần Thơ